000 00777cam a22002651 4500
999 _c15220
_d15220
001 2724665
003 ARRUPE
005 20170927110008.0
008 760423s1972 nyu b 000 0 eng
010 _a 77183227
020 _a0231032285
_z0231083017 pbk.
040 _aDLC
_cDLC
_dDLC
050 0 0 _aGN273
_b.A4
082 0 0 _a155.7
100 1 _aAlland, Alexander,
_d1931-
_936323
245 1 4 _aThe human imperative.
260 _aNew York,
_bColumbia University Press,
_c1972.
300 _aviii, 185 p.
_c21 cm.
350 _a$8.50
504 _aBibliography: p. [170]-177.
650 0 _aHuman behavior.
_912870
650 0 _aEthnopsychology.
_936324
650 0 _aAggressiveness.
_917735
906 _a7
_bcbc
_corignew
_du
_encip
_f19
_gy-gencatlg
942 _2lcc
_cMONOGRAPH